[Event "Dortmund Sparkassen op-B 47th"]
[Site "Dortmund"]
[Date "2019.07.17"]
[Round "5"]
[White "Yangibayev, Rustam"]
[Black "Bensch, Christian"]
[Result "1-0"]
[WhiteElo "1591"]
[BlackElo "1331"]
[PlyCount "65"]
[EventDate "2019.07.13"]
[EventType "swiss"]
[EventRounds "9"]
[EventCountry "GER"]
[SourceTitle "CBM 192 Extra"]
[Source "Chessbase"]
[SourceDate "2019.11.06"]
[SourceVersion "1"]
[SourceVersionDate "2019.11.06"]
[SourceQuality "1"]

1. d4 Nf6 2. Nf3 e6 3. c4 d5 4. Bg5 Nbd7 5. e3 c6 6. Nbd2 b6 7. Bd3 Bd6 8. Rc1 Bb7 9. 0-0 Rc8 10. Re1 Qc7 11. cxd5 Nxd5 12. e4 Nb4 13. Bb1 e5 14. a3 Na6 15. Nc4 f6 16. dxe5 Bxe5 17. Nfxe5 Nxe5 18. Nd6+ Ke7 19. Nxc8+ Bxc8 20. Bf4 Rd8 21. Qe2 Nc5 22. Rcd1 Bg4 23. f3 Be6 24. Rxd8 Qxd8 25. Rd1 Qg8 26. Qd2 Nf7 27. Bd6+ Nxd6 28. Qxd6+ Kf7 29. Qc7+ Kg6 30. Rd8 Qf7 31. Qg3+ Kh5 32. e5 Qe7 33. Rh8 1-0

[Event "Dortmund Sparkassen op-B 44th"]
[Site "Dortmund"]
[Date "2016.07.11"]
[Round "3"]
[White "Yangibayev, Rustam"]
[Black "Raskin, Vitaly"]
[Result "0-1"]
[WhiteElo "1451"]
[BlackElo "1676"]
[PlyCount "64"]
[EventDate "2016.07.09"]
[EventType "swiss"]
[EventRounds "9"]
[EventCountry "GER"]
[SourceTitle "CBM 173 Extra"]
[Source "ChessBase"]
[SourceDate "2016.08.29"]
[SourceVersion "1"]
[SourceVersionDate "2016.08.29"]
[SourceQuality "1"]

1. d4 d5 2. Nf3 Nf6 3. Bg5 e6 4. e3 c5 5. c4 h6 6. Bf4 Nc6 7. Nc3 cxd4 8. Nxd4 a6 9. cxd5 exd5 10. Bd3 Bd6 11. Bxd6 Qxd6 12. Nf5 Bxf5 13. Bxf5 Qe5 14. Qf3 0-0 15. 0-0 d4 16. Nd1 Rad8 17. Re1 Qa5 18. Rf1 Rfe8 19. Rc1 Qxa2 20. Bb1 Qd5 21. Qg3 Re5 22. exd4 Nxd4 23. Nc3 Qe6 24. h4 b5 25. Kh1 b4 26. Qd3 bxc3 27. bxc3 Nc6 28. Qxa6 Ne7 29. Qa7 Ng6 30. Qa4 Nxh4 31. f4 Rh5 32. Kg1 Qe3+ 0-1

[Event "Dortmund Sparkassen op-B 44th"]
[Site "Dortmund"]
[Date "2016.07.09"]
[Round "1"]
[White "Yangibayev, Rustam"]
[Black "Witt, Rainer"]
[Result "0-1"]
[WhiteElo "1451"]
[BlackElo "1709"]
[PlyCount "90"]
[EventDate "2016.07.09"]
[EventType "swiss"]
[EventRounds "9"]
[EventCountry "GER"]
[SourceTitle "CBM 173 Extra"]
[Source "ChessBase"]
[SourceDate "2016.08.29"]
[SourceVersion "1"]
[SourceVersionDate "2016.08.29"]
[SourceQuality "1"]

1. d4 Nf6 2. c4 e6 3. Nf3 b6 4. Nc3 Bb7 5. Bg5 Be7 6. e3 h6 7. Bh4 0-0 8. Bd3 d5 9. 0-0 Nbd7 10. Rc1 c5 11. Re1 Rc8 12. cxd5 Nxd5 13. Bxe7 Nxe7 14. Bf1 Nf6 15. Qe2 Ng6 16. g3 cxd4 17. Nxd4 Nd5 18. Bg2 Nxc3 19. bxc3 Bxg2 20. Kxg2 Qd5+ 21. Kg1 Ne5 22. Red1 Qb7 23. Qb5 Rc5 24. Qe2 Rfc8 25. f4 Nc4 26. e4 Qe7 27. Nb3 R5c7 28. Nd4 Rc5 29. Nb3 R5c7 30. Nd4 Qc5 31. Qf2 Qh5 32. e5 a6 33. Nf3 Qg6 34. Kg2 Qe4 35. Rd4 Qb7 36. Kg1 b5 37. Rcd1 Kh7 38. h4 Nb6 39. Qc2+ g6 40. R1d3 Nd5 41. h5 Rxc3 42. hxg6+ fxg6 43. Rxc3 Rxc3 44. Qf2 Ne3 45. Rd8 Rc1+ 0-1

[Event "Dortmund Sparkassen op-B"]
[Site "Dortmund"]
[Date "2015.06.30"]
[Round "4"]
[White "Yangibayev, Rustam"]
[Black "Karabueguel, Okan"]
[Result "0-1"]
[WhiteElo "1464"]
[BlackElo "1682"]
[PlyCount "52"]
[EventDate "2015.06.27"]
[EventType "swiss"]
[EventRounds "9"]
[EventCountry "GER"]
[SourceTitle "CBM 167 Extra"]
[Source "ChessBase"]
[SourceDate "2015.09.14"]
[SourceVersion "1"]
[SourceVersionDate "2015.09.14"]
[SourceQuality "1"]

1. d4 Nf6 2. Nf3 g6 3. Bg5 Bg7 4. e3 0-0 5. Be2 d6 6. Nbd2 Nfd7 7. c3 Nc6 8. Qc2 f6 9. Bh4 e5 10. d5 Ne7 11. e4 g5 12. Bg3 h5 13. h3 c6 14. c4 a5 15. Ng1 f5 16. Bxh5 Nf6 17. Be2 fxe4 18. Nxe4 Nxe4 19. Qxe4 Nf5 20. Bd3 a4 21. Nf3 Qa5+ 22. Kf1 Nxg3+ 23. fxg3 Bf5 24. Qe3 Qc5 25. Qe2 e4 26. Bxe4 Rae8 0-1

[Event "Dortmund Sparkassen op-B"]
[Site "Dortmund"]
[Date "2014.07.19"]
[Round "8"]
[White "Yangibayev, Rustam"]
[Black "Meinschien, Finn"]
[Result "1-0"]
[WhiteElo "1499"]
[BlackElo "1332"]
[PlyCount "99"]
[EventDate "2014.07.12"]
[EventType "swiss"]
[EventRounds "9"]
[EventCountry "GER"]
[SourceTitle "EXT 2022"]
[Source "ChessBase"]
[SourceDate "2021.10.06"]
[SourceVersion "1"]
[SourceVersionDate "2021.10.06"]
[SourceQuality "1"]

1. d4 Nf6 2. Nf3 g6 3. Bf4 Bg7 4. e3 d6 5. Bc4 0-0 6. Nbd2 c5 7. c3 b6 8. Qb3 Bb7 9. 0-0-0 cxd4 10. exd4 e6 11. h4 d5 12. Bd3 h5 13. Ne5 Nc6 14. Nxc6 Bxc6 15. Nf3 Ng4 16. Rd2 Kh7 17. Ng5+ Kg8 18. f3 Nh6 19. g4 Qd7 20. gxh5 gxh5 21. Re2 Nf5 22. Qd1 Rae8 23. Qe1 Kh8 24. Rg1 Rg8 25. Nh3 Bf6 26. Bg5 Bd8 27. Bxd8 Qxd8 28. Ng5 Qd7 29. f4 Ba4 30. Kb1 Bc6 31. Rgg2 Ba4 32. b3 Bc6 33. Kb2 Bb7 34. Bxf5 exf5 35. Rxe8 Rxe8 36. Re2 Rxe2+ 37. Qxe2 Kg7 38. Qxh5 Kf6 39. Qh8+ Ke7 40. h5 Qe8 41. Qe5+ Kd7 42. h6 a5 43. Qxe8+ Kxe8 44. h7 a4 45. h8Q+ Kd7 46. Nxf7 a3+ 47. Kxa3 b5 48. Ne5+ Kc7 49. Qg7+ Kd6 50. Qd7# 1-0

[Event "LSS No Engine Cup 87 Preliminary 7"]
[Site "LSS email"]
[Date "2013.05.06"]
[Round "?"]
[White "Miquel Badenes, Jose"]
[Black "Yangibayev, Rustam"]
[Result "1-0"]
[WhiteElo "1235"]
[BlackElo "895"]
[PlyCount "63"]
[EventDate "2013.05.07"]
[EventType "tourn (corr)"]
[EventRounds "6"]
[EventCountry "GER"]
[SourceTitle "Telechess CBM 161"]
[Source "ChessBase"]
[SourceDate "2014.07.16"]
[SourceVersion "1"]
[SourceVersionDate "2014.07.16"]
[SourceQuality "1"]

1. d4 Nf6 2. Nf3 g6 3. Bg5 Bg7 4. c3 d5 5. Qc1 Ne4 6. Bh6 0-0 7. Bxg7 Kxg7 8. h4 Bg4 9. Ne5 Bf5 10. Nd2 Nd7 11. Nxe4 Bxe4 12. h5 Rh8 13. h6+ Kg8 14. Qf4 Nf6 15. f3 Bc2 16. g4 Qe8 17. Nd3 Qd7 18. Ne5 Qd6 19. g5 Re8 20. Kd2 Bf5 21. gxf6 exf6 22. Nd3 Qb6 23. Rb1 Re7 24. Bh3 Bxd3 25. exd3 Kf8 26. Kc2 Ke8 27. Rhe1 a5 28. Rxe7+ Kxe7 29. Re1+ Kd8 30. Qe3 Qd6 31. Re2 f5 32. Qe5 1-0

[Event "SN-2013-0-00497"]
[Site "LSS email"]
[Date "2013.03.21"]
[Round "?"]
[White "Heineccius, August"]
[Black "Yangibayev, Rustam"]
[Result "0-1"]
[WhiteElo "493"]
[BlackElo "895"]
[PlyCount "76"]
[EventDate "2013.03.02"]
[EventType "tourn (corr)"]
[EventRounds "6"]
[EventCountry "GER"]
[SourceTitle "Telechess CBM 161"]
[Source "ChessBase"]
[SourceDate "2014.07.16"]
[SourceVersion "1"]
[SourceVersionDate "2014.07.16"]
[SourceQuality "1"]

1. e4 c6 2. d4 d5 3. e5 Bf5 4. Nc3 e6 5. Bf4 Nd7 6. Bd3 Ne7 7. g4 Bg6 8. Bg5 a6 9. Na4 h6 10. Bf4 Qa5+ 11. c3 Bxd3 12. b3 Be4 13. f3 Bh7 14. Bd2 Qc7 15. Ne2 c5 16. Be3 c4 17. b4 Bd3 18. Nc1 Bg6 19. h4 Nb6 20. f4 Be4 21. Rb1 Bxb1 22. h5 Be4 23. Rf1 Nxa4 24. Qxa4+ Qc6 25. Qd1 g6 26. g5 0-0-0 27. Ne2 Nf5 28. Qd2 hxg5 29. fxg5 Rxh5 30. Nf4 Rh7 31. Rg1 Be7 32. Ke2 Rh2+ 33. Bf2 Rdh8 34. Qd1 R8h4 35. Qd2 Rh1 36. Qc1 Rxg1 37. Bxg1 Bxg5 38. Qf1 Ng3+ 0-1

[Event "SN-2013-0-00497"]
[Site "LSS email"]
[Date "2013.03.21"]
[Round "?"]
[White "Lombardi, Donato"]
[Black "Yangibayev, Rustam"]
[Result "0-1"]
[WhiteElo "926"]
[BlackElo "895"]
[PlyCount "88"]
[EventDate "2013.03.02"]
[EventType "tourn (corr)"]
[EventRounds "6"]
[EventCountry "GER"]
[SourceTitle "Telechess CBM 161"]
[Source "ChessBase"]
[SourceDate "2014.07.16"]
[SourceVersion "1"]
[SourceVersionDate "2014.07.16"]
[SourceQuality "1"]

1. e4 c6 2. d4 d5 3. Nc3 dxe4 4. Nxe4 Bf5 5. Ng3 Bg6 6. Nf3 Nd7 7. Bd3 Ngf6 8. 0-0 e6 9. c4 Be7 10. Bg5 Nb6 11. Rc1 0-0 12. Ne5 Qxd4 13. Nxg6 fxg6 14. Qc2 Qd8 15. Rfe1 Qd7 16. c5 Nbd5 17. a3 Ng4 18. Bxe7 Qxe7 19. h3 Nxf2 20. Ne4 Nxd3 21. Qxd3 Rf4 22. Nd6 Raf8 23. b4 Rf2 24. Rf1 Qg5 25. Rxf2 Qxc1+ 26. Qf1 Qxf1+ 27. Rxf1 b6 28. Re1 bxc5 29. bxc5 Nf4 30. Re4 h5 31. Nc4 Rf5 32. g4 Nxh3+ 33. Kg2 hxg4 34. Rxg4 Ng5 35. Na5 Rxc5 36. Nb7 Rd5 37. Nd8 c5 38. Nb7 Kf7 39. Na5 Kf6 40. Nc4 Rd4 41. Rxd4 cxd4 42. Kf2 Ne4+ 43. Ke2 Nc5 44. Nd6 e5 0-1

[Event "SN-2013-0-00497"]
[Site "LSS email"]
[Date "2013.03.21"]
[Round "?"]
[White "Yangibayev, Rustam"]
[Black "Trebichalsky, Rastislav"]
[Result "1-0"]
[WhiteElo "895"]
[BlackElo "572"]
[PlyCount "49"]
[EventDate "2013.03.02"]
[EventType "tourn (corr)"]
[EventRounds "6"]
[EventCountry "GER"]
[SourceTitle "Telechess CBM 161"]
[Source "ChessBase"]
[SourceDate "2014.07.16"]
[SourceVersion "1"]
[SourceVersionDate "2014.07.16"]
[SourceQuality "1"]

1. d4 d5 2. Nf3 Nc6 3. Bg5 f6 4. Bf4 g5 5. Bg3 Bf5 6. e3 Be4 7. Be2 Bxf3 8. Bxf3 e6 9. Nc3 a6 10. Bh5+ Ke7 11. Bf3 Nh6 12. h3 Nf5 13. Bh2 Nh4 14. Na4 Kf7 15. Nc5 Bxc5 16. dxc5 h5 17. Bxh5+ Ng6 18. Qg4 f5 19. Qe2 Qd7 20. f4 gxf4 21. Bxf4 e5 22. Bh2 Rae8 23. 0-0-0 Ra8 24. g4 Rae8 25. gxf5 1-0

[Event "LSS No Engine Cup 83 Preliminary 4"]
[Site "LSS email"]
[Date "2013.02.27"]
[Round "?"]
[White "Chamberlain, Edwin"]
[Black "Yangibayev, Rustam"]
[Result "1/2-1/2"]
[WhiteElo "945"]
[BlackElo "895"]
[PlyCount "85"]
[EventDate "2013.02.28"]
[EventType "tourn (corr)"]
[EventRounds "6"]
[EventCountry "GER"]
[SourceTitle "Telechess CBM 161"]
[Source "ChessBase"]
[SourceDate "2014.07.16"]
[SourceVersion "1"]
[SourceVersionDate "2014.07.16"]
[SourceQuality "1"]

1. d4 d5 2. c4 dxc4 3. e4 b5 4. a4 c6 5. axb5 cxb5 6. Nc3 Bd7 7. b3 b4 8. Nd5 e6 9. Nf4 c3 10. Bc4 Nf6 11. Qe2 Nc6 12. Nf3 Be7 13. 0-0 0-0 14. d5 exd5 15. exd5 Na5 16. Re1 Bd6 17. Nd3 Nxc4 18. bxc4 a5 19. c5 Bc7 20. d6 Bb8 21. Nd4 Re8 22. Qf3 Ba7 23. Nc6 Bxc6 24. Qxc6 Rxe1+ 25. Nxe1 Rc8 26. Qb5 Rxc5 27. Qa6 Bb8 28. Be3 Rd5 29. Bb6 Qd7 30. Bxa5 Rxd6 31. Qc4 Nd5 32. Nc2 Qf5 33. Nxb4 Ba7 34. Nxd5 Bxf2+ 35. Kh1 Rxd5 36. Bxc3 Bc5 37. Rf1 Qd7 38. Qf4 h6 39. Qb8+ Kh7 40. Qb1+ Kg8 41. Qb8+ Qd8 42. Qf4 Qd7 43. Qb8+ 1/2-1/2

[Event "LSS No Engine Cup 81 Preliminary 3"]
[Site "LSS email"]
[Date "2013.01.15"]
[Round "?"]
[White "Yangibayev, Rustam"]
[Black "Pauk, Jozef"]
[Result "1-0"]
[WhiteElo "870"]
[BlackElo "966"]
[PlyCount "111"]
[EventDate "2013.01.16"]
[EventType "tourn (corr)"]
[EventRounds "6"]
[EventCountry "GER"]
[SourceTitle "Telechess CBM 159"]
[Source "ChessBase"]
[SourceDate "2014.03.17"]
[SourceVersion "1"]
[SourceVersionDate "2014.03.17"]
[SourceQuality "1"]

1. d4 d5 2. Bf4 e6 3. Nf3 Nf6 4. e3 Ne4 5. Bd3 Bd6 6. Nbd2 Nxd2 7. Qxd2 Nd7 8. Bg3 Nf6 9. Ng5 h6 10. Nf3 Ne4 11. Qe2 Bb4+ 12. c3 Nxc3 13. Qc2 Ne4+ 14. Kf1 c6 15. Bxe4 dxe4 16. Qxe4 Qd5 17. Qg4 g5 18. Ne5 Bd6 19. Nd3 Bxg3 20. Qxg3 b6 21. b3 Ba6 22. Ke2 Qe4 23. Rhd1 Rd8 24. f3 Qd5 25. Rac1 c5 26. Ke1 cxd4 27. Qc7 Ra8 28. Ne5 0-0 29. Nd7 Qa5+ 30. Kf2 Rfc8 31. Nf6+ Kg7 32. Ne8+ Kf8 33. Qd6+ Kxe8 34. Qxd4 e5 35. Qd7+ Kf8 36. Qd6+ Kg7 37. a4 Rd8 38. Qc6 Rac8 39. Qe4 Rd2+ 40. Kg3 f6 41. Rxc8 Bxc8 42. b4 h5 43. Rxd2 Qxa4 44. Rd8 h4+ 45. Kf2 Qa2+ 46. Ke1 Qa1+ 47. Rd1 Qc3+ 48. Kf2 Qc7 49. Qd5 e4 50. Qd8 Qc2+ 51. Rd2 Qc3 52. Qe7+ Kg6 53. Qxe4+ Kh6 54. Rc2 Qb3 55. Rxc8 Qb2+ 56. Qc2 1-0

[Event "LSS No Engine Cup 80 Preliminary 1"]
[Site "LSS email"]
[Date "2013.01.05"]
[Round "?"]
[White "Murphy, Jones"]
[Black "Yangibayev, Rustam"]
[Result "1-0"]
[WhiteElo "1321"]
[BlackElo "895"]
[PlyCount "77"]
[EventDate "2013.01.06"]
[EventType "tourn (corr)"]
[EventRounds "6"]
[EventCountry "GER"]
[SourceTitle "Telechess CBM 159"]
[Source "ChessBase"]
[SourceDate "2014.03.17"]
[SourceVersion "1"]
[SourceVersionDate "2014.03.17"]
[SourceQuality "1"]

1. d4 f6 2. e4 Nc6 3. d5 Ne5 4. f4 Nf7 5. Nf3 d6 6. c4 e6 7. Nc3 e5 8. f5 Bd7 9. Be3 Qe7 10. Qd2 g6 11. g4 Bg7 12. 0-0-0 a6 13. Qf2 g5 14. h4 gxh4 15. Rxh4 0-0-0 16. Kb1 c5 17. dxc6 Bxc6 18. Ba7 Ng5 19. Bd3 Qc7 20. Bb6 Qd7 21. Bxd8 Qxd8 22. Nxg5 fxg5 23. Rh3 Nf6 24. Rg1 Kb8 25. Nd5 h6 26. Nxf6 Bxf6 27. Rgh1 Qf8 28. Qh2 Bg7 29. f6 Qxf6 30. Rf1 Qe6 31. Rf5 Be8 32. Qe2 Bf7 33. Rf1 Rf8 34. Rhf3 Qe7 35. Qf2 Bg6 36. Rxf8+ Bxf8 37. Qxf8+ Qxf8 38. Rxf8+ Kc7 39. Rf6 1-0

[Event "LSS No Engine Cup 80 Preliminary 1"]
[Site "LSS email"]
[Date "2013.01.05"]
[Round "?"]
[White "Yangibayev, Rustam"]
[Black "Winter, Malcolm J"]
[Result "0-1"]
[WhiteElo "895"]
[BlackElo "1358"]
[PlyCount "22"]
[EventDate "2013.01.06"]
[EventType "tourn (corr)"]
[EventRounds "6"]
[EventCountry "GER"]
[SourceTitle "Corr 2015"]
[Source "ChessBase"]
[SourceDate "2015.07.17"]
[SourceVersion "1"]
[SourceVersionDate "2015.07.17"]
[SourceQuality "1"]

1. d4 d5 2. Nf3 e6 3. Bg5 Be7 4. h4 h6 5. Bf4 Nf6 6. e3 0-0 7. Ne5 Nbd7 8. g4 Nxe5 9. Bxe5 Ne4 10. Nd2 Bxh4 11. Nf3 Nxf2 0-1

[Event "LSS No Engine Cup 79 Preliminary 3"]
[Site "LSS email"]
[Date "2012.12.22"]
[Round "?"]
[White "Chamberlain, Edwin"]
[Black "Yangibayev, Rustam"]
[Result "1-0"]
[WhiteElo "971"]
[BlackElo "878"]
[PlyCount "51"]
[EventDate "2012.12.23"]
[EventType "tourn (corr)"]
[EventRounds "6"]
[EventCountry "GER"]
[SourceTitle "Telechess CBM 159"]
[Source "ChessBase"]
[SourceDate "2014.03.17"]
[SourceVersion "1"]
[SourceVersionDate "2014.03.17"]
[SourceQuality "1"]

1. d4 Nf6 2. Bg5 e6 3. e4 Be7 4. Nd2 b6 5. Bd3 Bb7 6. Ngf3 c5 7. c3 d6 8. 0-0 0-0 9. Re1 Nbd7 10. Qc2 h6 11. Bf4 Nh5 12. Be3 Re8 13. e5 cxd4 14. cxd4 g5 15. g4 Ng7 16. Rac1 Rc8 17. Qb1 Nf8 18. Bb5 Nd7 19. Bd3 Nf8 20. Rxc8 Qxc8 21. Ne4 Kh8 22. Bb5 Rd8 23. Be2 dxe5 24. Nxe5 Kg8 25. Bd3 Bd6 26. Nf6+ 1-0